000 01512cam a22003494a 4500
001 12878367
005 20170105102919.0
008 020801s2002 nyub b 001 0 eng
010 _a 2002031619
020 _a0375509283 (alk. paper)
040 _aDLC
_cDLC
_dDLC
042 _apcc
043 _aa-iq---
_an-us---
050 0 0 _aDS79.75
_b.P65 2002
082 0 0 _a956.7044/3
_221
100 1 _aPollack, Kenneth M.
_q(Kenneth Michael),
_d1966-
245 1 4 _aThe threatening storm :
_bthe case for invading Iraq /
_cKenneth M. Pollack.
250 _a1st ed.
260 _aNew York :
_bRandom House,
_cc2002.
300 _axxx, 494 p. :
_bmap ;
_c25 cm.
504 _aIncludes bibliographical references and index.
650 0 _aNational security
_zUnited States.
651 0 _aIraq
_xPolitics and government
_y1991-2003.
651 0 _aUnited States
_xRelations
_zMiddle East.
651 0 _aMiddle East
_xRelations
_zUnited States.
856 4 2 _3Contributor biographical information
_uhttp://www.loc.gov/catdir/bios/random054/2002031619.html
856 4 1 _3Sample text
_uhttp://www.loc.gov/catdir/samples/random044/2002031619.html
856 4 2 _3Publisher description
_uhttp://www.loc.gov/catdir/description/random0411/2002031619.html
906 _a7
_bcbc
_corignew
_d1
_eocip
_f20
_gy-gencatlg
942 _2ddc
_cBK
999 _c15516
_d15516